| 000 | 01126nam a2200289Ia 4500 | ||
|---|---|---|---|
| 001 | ebr10071958 | ||
| 003 | CaPaEBR | ||
| 006 | m u | ||
| 007 | cr cn||||||||| | ||
| 008 | 800529s1980 dcua sb 001 0 eng d | ||
| 010 | _z 80017501 | ||
| 020 | _z0309070562 | ||
| 040 |
_aCaPaEBR _cCaPaEBR |
||
| 035 | _a(OCoLC)58594444 | ||
| 050 | 1 | 4 |
_aQE509.8 _b.V47 1980eb |
| 100 | 1 |
_aVerhoogen, John, _d1912- |
|
| 245 | 1 | 0 |
_aEnergetics of the Earth _h[electronic resource] / _cJohn Verhoogen. |
| 260 |
_aWashington, D.C. : _bNational Academy of Sciences, _c1980. |
||
| 300 |
_avi, 139 p. : _bill. |
||
| 504 | _aIncludes bibliographical references (p. 125-132) and indexes. | ||
| 533 |
_aElectronic reproduction. _bPalo Alto, Calif. : _cebrary, _d2009. _nAvailable via World Wide Web. _nAccess may be limited to ebrary affiliated libraries. |
||
| 650 | 0 | _aEarth temperature. | |
| 651 | 0 |
_aEarth _xInternal structure. |
|
| 655 | 7 |
_aElectronic books. _2local |
|
| 710 | 2 | _aebrary, Inc. | |
| 856 | 4 | 0 |
_uhttp://site.ebrary.com/lib/rucke/Doc?id=10071958 _zAn electronic book accessible through the World Wide Web; click to view |
| 999 |
_c33553 _d33553 |
||